Devil's mount /

Saved in:
Bibliographic Details
Main Author: Mather, Anne
Format: Book
Language:English
Published: London : Mills & Boon, 1976.
LEADER 00701nam a2200205 a 4500
001 c000228276
003 CARM
005 20061219100933.0
008 960103s1976 enk 000 1 eng d
019 1 |a 41359125  |5 LACONCORD2021 
020 |a 0263723089 
035 |a (OCoLC)3124945  |5 LACONCORD2021 
040 |a VCAV  |c VCAV 
100 1 |a Mather, Anne. 
245 1 0 |a Devil's mount /  |c Anne Mather. 
260 |a London :  |b Mills & Boon,  |c 1976. 
300 |a 188 p. ;  |c 18 cm. 
852 8 |b CARM  |h A2:AP30A0  |i A04055  |p 0341724  |f BK 
999 f f |i 508e0320-179f-5868-9888-04ab528b1e34  |s de2d756e-c885-5f63-92a7-7a9c08915f68 
952 f f |p Can circulate  |a CAVAL  |b CAVAL  |c CAVAL  |d CARM 1 Store  |e A04055  |f A2:AP30A0  |h Other scheme  |i book  |m 0341724